[Event "LSS No Engine Cup 132 Preliminary 0"]
[Site "LSS email"]
[Date "2015.06.06"]
[Round "?"]
[White "Henke, Simon"]
[Black "Csoma, Balint"]
[Result "1-0"]
[WhiteElo "1888"]
[BlackElo "1406"]
[PlyCount "59"]
[EventDate "2015.06.07"]
[EventType "tourn (corr)"]
[EventRounds "6"]
[EventCountry "GER"]
[SourceTitle "Corr 2022"]
[Source "ChessBase"]
[SourceDate "2021.10.24"]
[SourceVersion "1"]
[SourceVersionDate "2021.10.24"]
[SourceQuality "1"]

1. d4 d5 2. c4 c6 3. Nc3 e6 4. e4 dxe4 5. Nxe4 Nf6 6. Nxf6+ Qxf6 7. Nf3 Bb4+ 8. Bd2 Bxd2+ 9. Qxd2 0-0 10. Bd3 Nd7 11. 0-0 Rd8 12. Rfe1 Re8 13. Bc2 Nb6 14. b3 Bd7 15. Ng5 h6 16. Ne4 Qd8 17. Nd6 Rf8 18. Nxb7 Qc7 19. Nc5 Bc8 20. Qd3 g6 21. h4 h5 22. Qe3 Kh7 23. Qg5 Qd8 24. Qxh5+ Kg7 25. Qe5+ Kg8 26. h5 f6 27. Qe3 g5 28. Nxe6 Bxe6 29. Qxe6+ Kg7 30. Qf5 1-0

[Event "SN-2015-0-00682"]
[Site "LSS email"]
[Date "2015.05.30"]
[Round "?"]
[White "Csoma, Balint"]
[Black "Vontina, Maria"]
[Result "0-1"]
[WhiteElo "1085"]
[BlackElo "727"]
[PlyCount "42"]
[EventDate "2015.05.06"]
[EventType "tourn (corr)"]
[EventRounds "6"]
[EventCountry "GER"]
[SourceTitle "Corr 2022"]
[Source "ChessBase"]
[SourceDate "2021.10.24"]
[SourceVersion "1"]
[SourceVersionDate "2021.10.24"]
[SourceQuality "1"]

1. Nf3 Nf6 2. c4 d5 3. d4 e6 4. e3 Be7 5. Bd3 0-0 6. 0-0 dxc4 7. Bxc4 Nbd7 8. Nc3 a6 9. a4 Nb6 10. Ba2 h6 11. h3 Bd7 12. Bd2 Rc8 13. Rc1 c5 14. a5 Na8 15. Ne2 cxd4 16. Nexd4 Nc7 17. Ne5 Ncd5 18. Qe2 Bd6 19. Nc4 Bc5 20. Nb3 Be7 21. Ne5 Bb5 0-1

[Event "SN-2015-0-00682"]
[Site "LSS email"]
[Date "2015.05.30"]
[Round "?"]
[White "Garcia, Javier"]
[Black "Csoma, Balint"]
[Result "1-0"]
[WhiteElo "801"]
[BlackElo "1085"]
[PlyCount "81"]
[EventDate "2015.05.06"]
[EventType "tourn (corr)"]
[EventRounds "6"]
[EventCountry "GER"]
[SourceTitle "Corr 2022"]
[Source "ChessBase"]
[SourceDate "2021.10.24"]
[SourceVersion "1"]
[SourceVersionDate "2021.10.24"]
[SourceQuality "1"]

1. d4 d5 2. c4 c6 3. Nf3 Nf6 4. e3 e6 5. Nc3 Bd6 6. c5 Be7 7. Bd3 Nbd7 8. Qc2 Qc7 9. h3 e5 10. dxe5 Nxe5 11. Nxe5 Qxe5 12. 0-0 Bxc5 13. Bd2 0-0 14. Ne2 Bd6 15. Ng3 h5 16. Bc3 Qg5 17. Bxf6 gxf6 18. Bh7+ Kg7 19. Nf5+ Kxh7 20. Nxd6+ Kg7 21. f4 Qg6 22. Qxg6+ fxg6 23. Nxc8 Raxc8 24. Kf2 Rfe8 25. Rfe1 Re4 26. Kf3 Rce8 27. Rad1 d4 28. Rd3 Rxe3+ 29. Rexe3 Rxe3+ 30. Rxe3 dxe3 31. Kxe3 Kf7 32. Ke4 Ke6 33. g4 hxg4 34. hxg4 f5+ 35. gxf5+ gxf5+ 36. Kd4 b6 37. b4 a6 38. a4 Kd6 39. Kc4 b5+ 40. axb5 cxb5+ 41. Kd4 1-0

[Event "ZN-2015-0-03084"]
[Site "LSS email"]
[Date "2015.05.30"]
[Round "?"]
[White "Lauer, Frederic"]
[Black "Csoma, Balint"]
[Result "1-0"]
[WhiteElo "1118"]
[BlackElo "1074"]
[PlyCount "139"]
[EventDate "2015.05.16"]
[EventType "match (corr)"]
[EventRounds "2"]
[EventCountry "GER"]
[SourceTitle "Corr 2022"]
[Source "ChessBase"]
[SourceDate "2021.10.24"]
[SourceVersion "1"]
[SourceVersionDate "2021.10.24"]
[SourceQuality "1"]

1. e4 e5 2. Nf3 Nf6 3. Nc3 Nc6 4. d4 exd4 5. Nd5 d6 6. Bf4 Be7 7. Nxd4 Bd7 8. Nb5 Nxd5 9. exd5 Ne5 10. Nd4 Ng6 11. Bg3 0-0 12. Bd3 Ne5 13. 0-0 c5 14. dxc6 bxc6 15. Bxe5 dxe5 16. Qh5 g6 17. Qxe5 Bf6 18. Qe3 Qb6 19. Nb3 Bxb2 20. Rab1 Qxe3 21. fxe3 Bg7 22. Nc5 Bc8 23. Ne4 Be6 24. a3 Bh6 25. Rfe1 Rab8 26. c3 Rxb1 27. Rxb1 Bxe3+ 28. Kf1 Rd8 29. Ke2 Bb6 30. h3 Bd5 31. c4 Be6 32. g4 Kg7 33. c5 Ba5 34. Rb7 Ra8 35. Ke3 Bc8 36. Rb1 Be6 37. Rb7 Bc8 38. Rb1 Bc7 39. Rc1 Rb8 40. Nd6 Be6 41. Kd4 Rb3 42. Rc3 Rxc3 43. Kxc3 Kf8 44. Kd4 Ke7 45. Ne4 Bd5 46. Ng5 h6 47. Ne4 f5 48. gxf5 gxf5 49. Nc3 Be6 50. Be2 f4 51. Bf3 Kd7 52. Bg4 Bxg4 53. hxg4 Ke6 54. Ke4 Be5 55. Ne2 f3 56. Kxf3 Kd5 57. Nc1 Kxc5 58. Nd3+ Kd6 59. Ke4 Bf6 60. a4 c5 61. Kf5 Bg5 62. Ke4 c4 63. Ne1 Kc5 64. Nc2 c3 65. Kd3 Bd2 66. Nd4 Kb4 67. Nc6+ Kxa4 68. Nxa7 Kb3 69. Nb5 Be1 70. Nd4+ 1-0

[Event "SN-2015-0-00682"]
[Site "LSS email"]
[Date "2015.05.30"]
[Round "?"]
[White "Trebichalsky, Rastislav"]
[Black "Csoma, Balint"]
[Result "0-1"]
[WhiteElo "555"]
[BlackElo "1085"]
[PlyCount "84"]
[EventDate "2015.05.06"]
[EventType "tourn (corr)"]
[EventRounds "6"]
[EventCountry "GER"]
[SourceTitle "Corr 2022"]
[Source "ChessBase"]
[SourceDate "2021.10.24"]
[SourceVersion "1"]
[SourceVersionDate "2021.10.24"]
[SourceQuality "1"]

1. e4 e5 2. Nf3 Nf6 3. d3 d6 4. Bg5 Be7 5. Bxf6 Bxf6 6. a3 a6 7. Nc3 Nc6 8. h3 h6 9. Nd5 0-0 10. Nxf6+ Qxf6 11. Be2 Be6 12. Qd2 d5 13. exd5 Bxd5 14. 0-0-0 e4 15. dxe4 Bxe4 16. Rhg1 Rad8 17. Qc3 Qxc3 18. bxc3 Rxd1+ 19. Rxd1 Rd8 20. Rxd8+ Nxd8 21. g3 Ne6 22. Nd4 Nc5 23. Bf3 Bxf3 24. Nxf3 Ne4 25. c4 Nxf2 26. h4 Ne4 27. g4 Nf2 28. g5 hxg5 29. Nxg5 Ng4 30. Kb2 Ne3 31. Kc3 Nf5 32. h5 Ng3 33. c5 Nxh5 34. Kc4 Nf4 35. c3 f6 36. Ne4 Kf7 37. c6 b6 38. Kb4 g5 39. c4 Nd3+ 40. Kc3 Ne5 41. Kd4 Nxc6+ 42. Kd5 Ne7+ 0-1

[Event "BI-2015-P-0000"]
[Site "LSS email"]
[Date "2015.04.16"]
[Round "?"]
[White "Csoma, Balint"]
[Black "Mostowik, Pawel"]
[Result "0-1"]
[WhiteElo "1074"]
[BlackElo "1843"]
[PlyCount "64"]
[EventDate "2015.04.22"]
[EventType "tourn (corr)"]
[EventRounds "10"]
[EventCountry "GER"]
[SourceTitle "Corr 2022"]
[Source "ChessBase"]
[SourceDate "2021.10.24"]
[SourceVersion "1"]
[SourceVersionDate "2021.10.24"]
[SourceQuality "1"]

1. Nf3 d5 2. d4 Nf6 3. c4 e6 4. e3 dxc4 5. Bxc4 a6 6. 0-0 c5 7. a4 Nc6 8. Nc3 Be7 9. b3 0-0 10. Bb2 cxd4 11. exd4 Qc7 12. Qe2 Na5 13. Ne5 b6 14. Rac1 Bb7 15. d5 Nxc4 16. bxc4 Bd6 17. Nf3 Bf4 18. Rc2 Rfe8 19. Qd3 Rec8 20. Ne2 Nxd5 21. Ba3 Nf6 22. Nxf4 Be4 23. Nxe6 Bxd3 24. Nxc7 Rxc7 25. Rfc1 Bxc2 26. Rxc2 Ne4 27. g3 f6 28. Nd4 Rd8 29. Ne6 Rd1+ 30. Kg2 Rc6 31. Nf4 Kf7 32. Nd5 Rxd5 0-1

[Event "BI-2015-P-0000"]
[Site "LSS email"]
[Date "2015.04.16"]
[Round "?"]
[White "Perez, Alberto"]
[Black "Csoma, Balint"]
[Result "1-0"]
[WhiteElo "1922"]
[BlackElo "1074"]
[PlyCount "35"]
[EventDate "2015.04.22"]
[EventType "tourn (corr)"]
[EventRounds "10"]
[EventCountry "GER"]
[SourceTitle "Corr 2022"]
[Source "ChessBase"]
[SourceDate "2021.10.24"]
[SourceVersion "1"]
[SourceVersionDate "2021.10.24"]
[SourceQuality "1"]

1. e4 e5 2. Nf3 Nf6 3. d4 Nxe4 4. Bd3 d5 5. Nxe5 Bd6 6. 0-0 0-0 7. c4 c6 8. Nc3 f5 9. Bf4 Be6 10. cxd5 cxd5 11. Nb5 Be7 12. Rc1 Na6 13. f3 Nd6 14. Nxd6 Bxd6 15. Bxa6 bxa6 16. Re1 Qb6 17. Rc6 Qd8 18. Ng6 1-0

[Event "IECC CL0-2015.00 email"]
[Site "IECC email"]
[Date "2015.03.10"]
[Round "?"]
[White "Linart, Ludvik"]
[Black "Csoma, Balint"]
[Result "1-0"]
[WhiteElo "1045"]
[BlackElo "1096"]
[PlyCount "57"]
[EventDate "2015.02.07"]
[EventType "tourn (corr)"]
[EventRounds "4"]
[SourceTitle "Corr 2022"]
[Source "ChessBase"]
[SourceDate "2021.10.24"]
[SourceVersion "1"]
[SourceVersionDate "2021.10.24"]
[SourceQuality "1"]

1. d4 d5 2. c4 c6 3. Nf3 Nf6 4. e3 e6 5. Nc3 Be7 6. Bd3 0-0 7. 0-0 Nbd7 8. Qc2 Qc7 9. cxd5 cxd5 10. Bd2 e5 11. Rac1 e4 12. Nxe4 Qxc2 13. Nxf6+ Nxf6 14. Rxc2 Be6 15. Rc7 Bd6 16. Rxb7 Rfb8 17. Rxb8+ Rxb8 18. Rb1 Ne4 19. Be1 Bb4 20. Bxb4 Rxb4 21. b3 a5 22. Rc1 a4 23. Bxe4 dxe4 24. Nd2 axb3 25. axb3 f5 26. Rc5 Bxb3 27. Rxf5 Be6 28. Re5 Ra4 29. Rxe6 1-0

[Event "LSS No Engine Cup 127 Preliminary 0"]
[Site "LSS email"]
[Date "2015.03.09"]
[Round "?"]
[White "Lukin, Andrey"]
[Black "Csoma, Balint"]
[Result "1-0"]
[WhiteElo "1600"]
[BlackElo "1396"]
[PlyCount "57"]
[EventDate "2015.03.10"]
[EventType "tourn (corr)"]
[EventRounds "6"]
[EventCountry "GER"]
[SourceTitle "Corr 2022"]
[Source "ChessBase"]
[SourceDate "2021.10.24"]
[SourceVersion "1"]
[SourceVersionDate "2021.10.24"]
[SourceQuality "1"]

1. e4 e5 2. f4 d6 3. Nf3 Bg4 4. Bc4 Nf6 5. Nc3 Be7 6. h3 Bxf3 7. Qxf3 0-0 8. d3 Nc6 9. Be3 exf4 10. Qxf4 Ne5 11. Bb3 Ng6 12. Qf2 Qd7 13. 0-0-0 a5 14. a4 c6 15. d4 b5 16. e5 Ne8 17. h4 Nc7 18. h5 Nh8 19. Qg3 b4 20. Ne4 d5 21. Nf6+ Bxf6 22. exf6 g6 23. Bh6 Rfe8 24. hxg6 fxg6 25. Bg7 Ne6 26. Rxh7 Kxh7 27. Rh1+ Kg8 28. Rxh8+ Kf7 29. Rh7 1-0

[Event "IECC CL0-2014.00 email"]
[Site "IECC email"]
[Date "2014.11.22"]
[Round "?"]
[White "Couspeyre, Thierry"]
[Black "Csoma, Balint"]
[Result "1/2-1/2"]
[WhiteElo "1247"]
[BlackElo "1065"]
[PlyCount "70"]
[EventDate "2014.09.30"]
[EventType "tourn (corr)"]
[EventRounds "4"]
[SourceTitle "Corr 2022"]
[Source "ChessBase"]
[SourceDate "2021.10.24"]
[SourceVersion "1"]
[SourceVersionDate "2021.10.24"]
[SourceQuality "1"]

1. e4 e5 2. Nf3 Nf6 3. Nxe5 d6 4. Nf3 Nxe4 5. d3 Nf6 6. Be2 Be7 7. 0-0 0-0 8. Nc3 Nc6 9. Re1 Re8 10. Ng5 h6 11. Nge4 d5 12. Nxf6+ Bxf6 13. Bf3 Rxe1+ 14. Qxe1 Be6 15. Bf4 Nd4 16. Bd1 Qd7 17. Ne2 b6 18. c3 Nxe2+ 19. Qxe2 Re8 20. Qd2 Bf5 21. d4 c6 22. Bf3 g5 23. Be3 Be4 24. Be2 Bg7 25. a4 Bg6 26. b4 f5 27. b5 f4 28. bxc6 Qc7 29. Bxf4 Qxf4 30. Qxf4 gxf4 31. Bg4 Re7 32. Bf3 Be4 33. Bg4 Bg6 34. Bf3 Be4 35. Bg4 Bg6 1/2-1/2

[Event "ZL-2014-0-01551"]
[Site "LSS email"]
[Date "2014.11.22"]
[Round "?"]
[White "Csoma, Balint"]
[Black "Shim Ng Min, Francis"]
[Result "1-0"]
[WhiteElo "1023"]
[BlackElo "1113"]
[PlyCount "71"]
[EventDate "2014.11.11"]
[EventType "match (corr)"]
[EventRounds "2"]
[EventCountry "GER"]
[SourceTitle "Corr 2015"]
[Source "ChessBase"]
[SourceDate "2015.07.17"]
[SourceVersion "1"]
[SourceVersionDate "2015.07.17"]
[SourceQuality "1"]

1. Nf3 d5 2. d4 Nf6 3. c4 e6 4. Bg5 Be7 5. e3 0-0 6. Bd3 dxc4 7. Bxc4 Nbd7 8. 0-0 Nh5 9. Bxe7 Qxe7 10. Nbd2 b6 11. Rc1 Bb7 12. Bd3 c5 13. Be4 Bxe4 14. Nxe4 Rfc8 15. Ne5 Nhf6 16. Nxf6+ Nxf6 17. Qa4 cxd4 18. exd4 g6 19. Rc4 Rxc4 20. Qxc4 Nd5 21. Nc6 Qg5 22. Qa4 Nf4 23. g3 b5 24. Qc2 Kg7 25. Ne5 Nd5 26. Qc6 Rf8 27. Qxb5 h5 28. Nf3 Qg4 29. Qb3 Nf4 30. Ne5 Ne2+ 31. Kg2 Qxd4 32. Nf3 Qg4 33. Qe3 Qc4 34. Qxa7 e5 35. Nxe5 Qd5+ 36. Nf3 1-0

[Event "OP-2014-0-03562"]
[Site "LSS email"]
[Date "2014.11.22"]
[Round "?"]
[White "Ederer, Karel"]
[Black "Csoma, Balint"]
[Result "1-0"]
[WhiteElo "2080"]
[BlackElo "1104"]
[PlyCount "71"]
[EventDate "2014.11.15"]
[EventType "tourn (corr)"]
[EventRounds "4"]
[EventCountry "GER"]
[SourceTitle "Corr 2022"]
[Source "ChessBase"]
[SourceDate "2021.10.24"]
[SourceVersion "1"]
[SourceVersionDate "2021.10.24"]
[SourceQuality "1"]

1. d4 d5 2. c4 c6 3. Nc3 Nf6 4. cxd5 cxd5 5. Nf3 Nc6 6. Bf4 a6 7. e3 e6 8. Rc1 Bd6 9. Bg3 0-0 10. Be2 Re8 11. Ne5 Bxe5 12. dxe5 Nd7 13. f4 Qb6 14. Qd2 f6 15. exf6 Nxf6 16. Bh4 Rf8 17. 0-0 Bd7 18. Na4 Qb4 19. Qxb4 Nxb4 20. Nb6 Rad8 21. a3 Nc6 22. Bxa6 bxa6 23. Nxd7 Rxd7 24. Rxc6 Rb7 25. b4 Ra7 26. Rxe6 Kf7 27. f5 Rc8 28. Bxf6 gxf6 29. Rd1 Rc3 30. a4 Ra3 31. a5 Rb3 32. Rxd5 Rxb4 33. Rdd6 Rb5 34. Rxf6+ Ke7 35. Rde6+ Kd8 36. Rf8+ 1-0

[Event "ZL-2014-0-01551"]
[Site "LSS email"]
[Date "2014.11.22"]
[Round "?"]
[White "Shim Ng Min, Francis"]
[Black "Csoma, Balint"]
[Result "1/2-1/2"]
[WhiteElo "1113"]
[BlackElo "1023"]
[PlyCount "34"]
[EventDate "2014.11.11"]
[EventType "match (corr)"]
[EventRounds "2"]
[EventCountry "GER"]
[SourceTitle "Corr 2015"]
[Source "ChessBase"]
[SourceDate "2015.07.17"]
[SourceVersion "1"]
[SourceVersionDate "2015.07.17"]
[SourceQuality "1"]

1. e4 e5 2. Nf3 Nf6 3. d4 Nxe4 4. Bd3 d5 5. Nxe5 Bd6 6. 0-0 0-0 7. c4 c6 8. Nc3 Nxc3 9. bxc3 Qc7 10. Bf4 Nd7 11. Nxd7 Bxd7 12. Bxd6 Qxd6 13. c5 Qc7 14. Qh5 g6 15. Qh6 Qa5 16. Qd2 Rfe8 17. Rfe1 Rxe1+ 1/2-1/2

[Event "LSS No Engine Cup 120 Preliminary 0"]
[Site "LSS email"]
[Date "2014.11.01"]
[Round "?"]
[White "Csoma, Balint"]
[Black "Molina, Vicente Andres"]
[Result "1/2-1/2"]
[WhiteElo "1423"]
[BlackElo "1026"]
[PlyCount "105"]
[EventDate "2014.11.02"]
[EventType "tourn (corr)"]
[EventRounds "6"]
[EventCountry "GER"]
[SourceTitle "Corr 2022"]
[Source "ChessBase"]
[SourceDate "2021.10.24"]
[SourceVersion "1"]
[SourceVersionDate "2021.10.24"]
[SourceQuality "1"]

1. Nf3 d5 2. d4 Nf6 3. c4 c6 4. e3 Bg4 5. Be2 Nbd7 6. 0-0 e6 7. h3 Bh5 8. Nc3 Be7 9. b3 0-0 10. Bb2 Qc7 11. cxd5 exd5 12. Rc1 Rac8 13. Qd3 Bg6 14. Qd2 Rfe8 15. Rfe1 Bd6 16. Bf1 Nf8 17. g3 Ne6 18. Bg2 Ne4 19. Nxe4 dxe4 20. Nh4 f5 21. Nxg6 hxg6 22. d5 Nc5 23. dxc6 bxc6 24. Bf1 Rcd8 25. Bc4+ Kh7 26. Qc2 g5 27. b4 Nd3 28. Bxd3 exd3 29. Qxd3 g6 30. Qf1 Bxb4 31. Red1 f4 32. exf4 gxf4 33. Kg2 Rxd1 34. Rxd1 fxg3 35. fxg3 Bf8 36. Qc4 c5 37. Qc3 Re2+ 38. Kg1 Bg7 39. Qxg7+ Qxg7 40. Bxg7 Kxg7 41. Rd7+ Kf6 42. Rxa7 c4 43. a4 c3 44. Rc7 c2 45. Kf1 Rh2 46. Kg1 Rxh3 47. Kg2 Rh5 48. Rxc2 Ra5 49. Ra2 Kg5 50. Kf3 Kf5 51. g4+ Ke5 52. Ke3 g5 53. Kf3 1/2-1/2

[Event "CP-2014-P-00045"]
[Site "LSS email"]
[Date "2014.09.30"]
[Round "?"]
[White "Csoma, Balint"]
[Black "Czaban, Tomasz"]
[Result "0-1"]
[WhiteElo "1065"]
[BlackElo "800"]
[PlyCount "46"]
[EventDate "2014.10.01"]
[EventType "tourn (corr)"]
[EventRounds "6"]
[EventCountry "GER"]
[SourceTitle "Corr 2022"]
[Source "ChessBase"]
[SourceDate "2021.10.24"]
[SourceVersion "1"]
[SourceVersionDate "2021.10.24"]
[SourceQuality "1"]

1. Nf3 d5 2. d4 Nc6 3. Nc3 Nf6 4. Bf4 Bf5 5. Nb5 Rc8 6. e3 e6 7. Bd3 Bxd3 8. Qxd3 a6 9. Nxc7+ Rxc7 10. Bxc7 Qxc7 11. 0-0 Bd6 12. a3 e5 13. dxe5 Nxe5 14. Nxe5 Bxe5 15. h3 0-0 16. Rab1 Rc8 17. c3 Qd7 18. Rbd1 Qe6 19. Qc2 Rc4 20. Qb3 b5 21. Qa2 Bd6 22. Rd4 Qe5 23. Rxc4 Qh2# 0-1

[Event "CP-2014-P-00045"]
[Site "LSS email"]
[Date "2014.09.30"]
[Round "?"]
[White "Goncalves Barbosa, Sergio"]
[Black "Csoma, Balint"]
[Result "1-0"]
[WhiteElo "1947"]
[BlackElo "1065"]
[PlyCount "65"]
[EventDate "2014.10.01"]
[EventType "tourn (corr)"]
[EventRounds "6"]
[EventCountry "GER"]
[SourceTitle "Corr 2022"]
[Source "ChessBase"]
[SourceDate "2021.10.24"]
[SourceVersion "1"]
[SourceVersionDate "2021.10.24"]
[SourceQuality "1"]

1. e4 e5 2. Nf3 Nf6 3. Nxe5 d6 4. Nf3 Nxe4 5. d4 Be7 6. Bd3 d5 7. 0-0 0-0 8. c4 c6 9. Qc2 f5 10. Nc3 Be6 11. Re1 Nd7 12. cxd5 cxd5 13. Qb3 Nb6 14. Nxe4 fxe4 15. Bxe4 Qd7 16. Bd3 Bf6 17. Qc2 g6 18. b3 Rac8 19. Qd2 Bf5 20. Ba3 Rfe8 21. Bxf5 gxf5 22. Rxe8+ Rxe8 23. Qf4 Re4 24. Qg3+ Kf7 25. Qb8 Nc8 26. Rc1 Ne7 27. Rc7 Qe6 28. h3 Qa6 29. Ne5+ Rxe5 30. dxe5 Bg5 31. Bd6 Qxa2 32. Rxe7+ Bxe7 33. Qxb7 1-0

[Event "CP-2014-P-00045"]
[Site "LSS email"]
[Date "2014.09.30"]
[Round "?"]
[White "Kudryavtsev, Yaroslav"]
[Black "Csoma, Balint"]
[Result "1-0"]
[WhiteElo "2088"]
[BlackElo "1065"]
[PlyCount "35"]
[EventDate "2014.10.01"]
[EventType "tourn (corr)"]
[EventRounds "6"]
[EventCountry "GER"]
[SourceTitle "Corr 2022"]
[Source "ChessBase"]
[SourceDate "2021.10.24"]
[SourceVersion "1"]
[SourceVersionDate "2021.10.24"]
[SourceQuality "1"]

1. e4 d6 2. d4 Nf6 3. Nc3 g6 4. f4 Bg7 5. Nf3 0-0 6. e5 dxe5 7. fxe5 Nd5 8. Bc4 c6 9. 0-0 Nxc3 10. bxc3 b5 11. Bb3 a5 12. Ng5 e6 13. a4 Nd7 14. axb5 cxb5 15. Nxf7 Qc7 16. Bxe6 Qxc3 17. Ra3 Qb4 18. Nd6+ 1-0

[Event "CP-2014-P-00045"]
[Site "LSS email"]
[Date "2014.09.30"]
[Round "?"]
[White "Puleston, Tim"]
[Black "Csoma, Balint"]
[Result "1-0"]
[WhiteElo "1297"]
[BlackElo "1065"]
[PlyCount "33"]
[EventDate "2014.10.01"]
[EventType "tourn (corr)"]
[EventRounds "6"]
[EventCountry "GER"]
[SourceTitle "Corr 2022"]
[Source "ChessBase"]
[SourceDate "2021.10.24"]
[SourceVersion "1"]
[SourceVersionDate "2021.10.24"]
[SourceQuality "1"]

1. d4 d5 2. e4 dxe4 3. Nc3 Nf6 4. f3 exf3 5. Nxf3 Bg4 6. h3 Bh5 7. g4 Bg6 8. Ne5 e6 9. Bg2 c6 10. h4 h5 11. Nxg6 fxg6 12. Qd3 Kf7 13. g5 Nd5 14. 0-0+ Kg8 15. Qxg6 Qe7 16. Nxd5 exd5 17. Bh3 1-0

[Event "LSS No Engine Cup 116 Preliminary 1"]
[Site "LSS email"]
[Date "2014.08.22"]
[Round "?"]
[White "Csoma, Balint"]
[Black "Plotnikov, Vladimir Anatolievi"]
[Result "1/2-1/2"]
[WhiteElo "979"]
[BlackElo "1222"]
[PlyCount "112"]
[EventDate "2014.08.23"]
[EventType "tourn (corr)"]
[EventRounds "6"]
[EventCountry "GER"]
[SourceTitle "Corr 2015"]
[Source "ChessBase"]
[SourceDate "2015.07.17"]
[SourceVersion "1"]
[SourceVersionDate "2015.07.17"]
[SourceQuality "1"]

1. Nf3 c5 2. c4 Nc6 3. Nc3 e6 4. e3 Nf6 5. Be2 g6 6. 0-0 a6 7. a3 Bg7 8. d4 cxd4 9. exd4 d5 10. h3 dxc4 11. Bxc4 b5 12. Bb3 0-0 13. Be3 Bb7 14. Rc1 Rc8 15. Qd2 Na5 16. Ba2 Bxf3 17. gxf3 Nc4 18. Bxc4 Rxc4 19. b3 Rc8 20. Ne4 Qd5 21. Qd3 Nd7 22. b4 f5 23. Nd2 e5 24. Qb3 Qxb3 25. Nxb3 exd4 26. Bxd4 Ne5 27. Kg2 Nd3 28. Rcd1 Nf4+ 29. Kh2 Bxd4 30. Rxd4 Rc3 31. Rxf4 Rxb3 32. Ra1 Rd8 33. a4 bxa4 34. Rxa4 Rd2 35. Kg3 Rd6 36. Rc4 Rb6 37. Rc8+ Kg7 38. Ra8 R3xb4 39. R4xa6 Rxa6 40. Rxa6 Rb1 41. Ra7+ Kh6 42. Kg2 g5 43. Ra6+ Kh5 44. Ra7 h6 45. Ra5 f4 46. Ra6 Rb8 47. Rc6 Rg8 48. Ra6 Rg6 49. Ra7 Kh4 50. Ra4 Rf6 51. Ra5 h5 52. Rb5 g4 53. hxg4 hxg4 54. fxg4 Kxg4 55. f3+ Kh4 56. Rb8 Rg6+ 1/2-1/2

[Event "SF-2014-0-00247"]
[Site "LSS email"]
[Date "2014.08.21"]
[Round "?"]
[White "Csoma, Balint"]
[Black "Rocek, Vladimir"]
[Result "1-0"]
[WhiteElo "979"]
[BlackElo "1033"]
[PlyCount "137"]
[EventDate "2014.07.29"]
[EventType "tourn (corr)"]
[EventRounds "6"]
[EventCountry "GER"]
[SourceTitle "Corr 2015"]
[Source "ChessBase"]
[SourceDate "2015.07.17"]
[SourceVersion "1"]
[SourceVersionDate "2015.07.17"]
[SourceQuality "1"]

1. Nf3 Nf6 2. c4 Nc6 3. Nc3 e5 4. d3 Bc5 5. g3 d6 6. Bg2 a6 7. 0-0 h6 8. a3 Be6 9. b4 Ba7 10. Bb2 0-0 11. e4 Nd4 12. Nxd4 Bxd4 13. Na4 Ba7 14. Rc1 b5 15. cxb5 axb5 16. Nc3 Bd4 17. Qd2 Rb8 18. Ne2 Bb6 19. d4 exd4 20. Bxd4 c5 21. Bb2 Bc4 22. Rfd1 Ng4 23. h3 Ne5 24. Nf4 Bb3 25. Re1 Nc4 26. Qc3 Qf6 27. Qxf6 gxf6 28. Bxf6 cxb4 29. axb4 Ne5 30. Bxe5 dxe5 31. Nd5 Kg7 32. Nxb6 Rxb6 33. Rc5 Re8 34. Bf1 Ba4 35. Re3 Rd6 36. Bxb5 Bxb5 37. Rxb5 Rd4 38. Rb7 Re6 39. b5 Rb4 40. Rf3 Rf6 41. Rxf6 Kxf6 42. b6 Rxe4 43. Rb8 Rb4 44. Kg2 e4 45. b7 Rb2 46. Kf1 h5 47. g4 hxg4 48. hxg4 Ke7 49. Ke1 f6 50. Kf1 Kd7 51. Ke1 Kc7 52. Rf8 Kxb7 53. Rxf6 Kc7 54. g5 Kd7 55. g6 Rb8 56. Ke2 Rg8 57. Ke3 Ke7 58. Ra6 Rd8 59. Kxe4 Kf8 60. f4 Kg7 61. f5 Rd7 62. Kf4 Kh6 63. Ke5 Kg7 64. Ke6 Rb7 65. Rd6 Ra7 66. Rd7+ Rxd7 67. Kxd7 Kf6 68. Ke8 Kxf5 69. g7 1-0

[Event "SF-2014-0-00247"]
[Site "LSS email"]
[Date "2014.08.18"]
[Round "?"]
[White "Csoma, Balint"]
[Black "Basson, Heinrich"]
[Result "0-1"]
[WhiteElo "979"]
[BlackElo "1251"]
[PlyCount "98"]
[EventDate "2014.07.29"]
[EventType "tourn (corr)"]
[EventRounds "6"]
[EventCountry "GER"]
[SourceTitle "Corr 2015"]
[Source "ChessBase"]
[SourceDate "2015.07.17"]
[SourceVersion "1"]
[SourceVersionDate "2015.07.17"]
[SourceQuality "1"]

1. Nf3 d5 2. d4 Nf6 3. c4 c6 4. e3 Bg4 5. h3 Bh5 6. Nbd2 e6 7. Bd3 Be7 8. 0-0 Nbd7 9. Qc2 0-0 10. Ne5 Bg6 11. Nxg6 hxg6 12. b3 Rc8 13. Bb2 b6 14. Rac1 c5 15. Qd1 Rc7 16. cxd5 exd5 17. dxc5 bxc5 18. Nf3 Qc8 19. Qe2 Rd8 20. Ba6 Qb8 21. Ne5 Nxe5 22. Bxe5 Bd6 23. Bb2 Rc6 24. Bb5 Rcc8 25. Rfd1 Bh2+ 26. Kh1 Be5 27. Bxe5 Qxe5 28. Rc2 Rc7 29. Rdc1 Qe7 30. Qe1 Qd6 31. Qa5 Qb6 32. Qxb6 axb6 33. a4 Ne4 34. a5 bxa5 35. f3 Ng3+ 36. Kg1 Rb7 37. Ba4 Nf5 38. Kf2 Re7 39. Rxc5 Nxe3 40. Rxa5 d4 41. b4 Nd5 42. b5 d3 43. Bd1 d2 44. Rca1 Nc3 45. R5a3 Nxb5 46. Re3 Rc7 47. Ke2 Nc3+ 48. Kf1 Ra7 49. Rxa7 Nxd1 0-1

[Event "SF-2014-0-00246"]
[Site "LSS email"]
[Date "2014.08.13"]
[Round "?"]
[White "Basson, Heinrich"]
[Black "Csoma, Balint"]
[Result "1-0"]
[WhiteElo "1255"]
[BlackElo "1023"]
[PlyCount "89"]
[EventDate "2014.07.22"]
[EventType "tourn (corr)"]
[EventRounds "6"]
[EventCountry "GER"]
[SourceTitle "Corr 2015"]
[Source "ChessBase"]
[SourceDate "2015.07.17"]
[SourceVersion "1"]
[SourceVersionDate "2015.07.17"]
[SourceQuality "1"]

1. d4 d5 2. c4 c6 3. Nf3 Nf6 4. Nc3 e6 5. Bg5 Be7 6. e3 0-0 7. Qc2 h6 8. Bh4 b6 9. Bd3 Ba6 10. b3 Nbd7 11. 0-0 c5 12. Rac1 Rc8 13. Qe2 cxd4 14. exd4 Ne8 15. Bg3 Bd6 16. Bxd6 Nxd6 17. Nd2 dxc4 18. bxc4 Qc7 19. Nce4 Nf5 20. Nf3 Rfd8 21. Rfd1 Nf8 22. Ng3 Nxg3 23. hxg3 Bb7 24. Be4 Bxe4 25. Qxe4 Qc6 26. Qxc6 Rxc6 27. Rd3 Rdc8 28. Ne5 Rd6 29. f4 Rcd8 30. Nf3 Ng6 31. Kf2 Ne7 32. g4 Nc6 33. Ke3 f5 34. gxf5 exf5 35. Rd2 Kf7 36. d5 Na5 37. Ne5+ Kf6 38. Kf3 g5 39. g3 g4+ 40. Ke3 Re8 41. Rh2 Rh8 42. Rh5 Nb7 43. Rch1 Rdd8 44. Rxh6+ Kg7 45. Rg6+ 1-0